Commentarios de Don Bernardino de Mendoça, de lo sucedido en las guerras de los Payses Baxos, desde el año de 1567 hasta el año de 1577

Detalles Bibliográficos
Autor principal: Mendoza, Bernardino de (s. XVI)
Formato: Libro
Lenguaje:Undetermined
Spanish
Publicado: en Madrid : por Pedro Madrigal, 1592.
Materias:
Colección:Banco de datos
Acervo:Biblioteca Palafoxiana. Colección bibliográfica
Descripción Física:[7] , 336 , [12] h. ; 4°
Tema general:Historia civil
Notas:Marca de fuego: Colegio de San Juan. Sello en tinta: Biblioteca Pública Palafoxiana. Número de localización: 24138
LEADER 00714nam a2200169Ia 4500
008 150723s9999 xx 000 0 und d
041 0 |a spa 
050 0 |a PAFX D20 M4 
100 1 |a Mendoza, Bernardino de (s. XVI) 
245 1 0 |a Commentarios de Don Bernardino de Mendoça, de lo sucedido en las guerras de los Payses Baxos, desde el año de 1567 hasta el año de 1577 
260 |a en Madrid : por Pedro Madrigal, 1592. 
300 |a [7] , 336 , [12] h. ; 4° 
500 |a Marca de fuego: Colegio de San Juan. Sello en tinta: Biblioteca Pública Palafoxiana. Número de localización: 24138 
650 1 0 |a Historia civil 
942 |c PALALIB 
943 |g Biblioteca Palafoxiana. Colección bibliográfica 
999 |c 1051771  |d 1051771